000 00440nam a2200169Ia 4500
003 Ost
005 20260225132600.0
008 260225s9999||||xx |||||||||||||| ||und||
020 _a9782867819049
040 _cfsic
041 _afre
082 _a70.4
100 _aGardére،élizabeth
_eAuteur
245 0 _aCommunication organisation :
245 0 _brisque mineurs،changements mageurs . /
_cGardére،élizabeth
942 _cكتاب
999 _c34717
_d34717